MESTSKÁ KNIŽNICA GIRALTOVCE  - online katalóg 

Latinsko-slovenský slovensko-latinský slovník (Record no. 19209)

000 -NÁVESTIE
fixed length control field 00678nam a2200193 a 4500
008 - ÚDAJE S PEVNOU DĹŽKOU – VŠEOBECNÉ INFORMÁCIE
fixed length control field 951031s1987||||xo 0 slo c
020 ## - MEDZINÁRODNÉ ŠTANDARDNÉ ČÍSLO KNIHY (ISBN)
Údaje o dostupnosti 56
040 ## - ZDROJ KATALOGIZÁCIE
Pôvodná katalogizujúca agentúra SNK
Jazyk katalogizácie slo
Prepisujúca agentúra SNK
Konvencie popisu AACR2
041 1# - KÓD JAZYKA
Kód jazyka textu/zvukovej stopy alebo samostatných nápisov slo
-- lat
044 ## - KÓD KRAJINY VYDAVATEĽA/PRODUCENTA
Kód krajiny MARC xo
Kód krajiny ISO SK
080 ## - ČÍSLO MEDZINÁRODNÉHO DESATINNÉHO TRIEDENIA (MDT)
Číslo Medzinárodného desatinného triedenia (MDT) 801.323.2=71=854
100 1# - OSOBNÉ MENÁ – VŠEOBECNÉ INFORMÁCIE
Osobné meno Špaňár, Július
Kód roly aut
245 10 - NÁZOV
Názov Latinsko-slovenský slovensko-latinský slovník
Údaj o zodpovednosti atď. Július Špaňár, Jozef Hrabovský ; Obál. navrhla Alica Pauhofová
260 ## - VYDAVATEĽSKÉ ÚDAJE, DISTRIBÚCIA ATĎ.
Miesto publikovania, distribúcie atď. Bratislava
Názov vydavateľa, distibútora atď. Slovenské pedagogické nakladateľstvo
Miesto výroby Trnava
Výrobca Polygrafické závody
Dátum publikovania, distribúcie atď. 1987
300 ## - FYZICKÝ POPIS
Ďalšie fyzické detaily Lit. 22 zázn. v češ., nem. a slov.
700 1# - PRIDANÝ VSTUP – OSOBNÉ MENO
Osobné meno Hrabovský, Jozef
Kód roly aut
700 1# - PRIDANÝ VSTUP – OSOBNÉ MENO
Osobné meno Pauhofová, Alica
Kód roly bjd
958 ## - Formálny deskriptor
Formálny deskriptor ASJ
Holdings
Stav stiahnutia (Blokovanie) (Withrawn status) Stav straty Stav poškodenia (Damaged status) Nie pre výpožičky (Not for loan) Spôsob nadobudnutia (Collection code) Trvalé umiestnenie Aktuálne umiestnenie Dátum nadobudnutia Náklady, bežná kúpna cena Inventárne číslo (prírastkové číslo) Full call number Dátum posledného výskytu Cena s účinnosťou od Typ jednotky Koha
        Kúpa Mestská knižnica Giraltovce Mestská knižnica Giraltovce 2019-11-29 56.00 17760 I 1417 2019-11-29 2019-11-29 Odborná literatúra pre dospelých

Powered by Koha